Countries by Coat of Arms #4 - Statistics

General Stats
  • This quiz has been taken 58 times
  • The average score is 11 of 15
Answer Stats
Picture Answer % Correct
Slovakia
98%
Turkey
96%
Ethiopia
89%
Kazakhstan
89%
Myanmar
87%
Panama
87%
Somalia
85%
Cambodia
74%
Netherlands
70%
Algeria
66%
Denmark
60%
Azerbaijan
57%
Chile
57%
Nigeria
36%
Solomon Islands
21%
No matching quizzes found
Score Distribution
Percent of People with Each Score
Percentile by Number Answered
Your Score History
You have not taken this quiz